|
|
|
|
| LEADER |
01027nam a2200337 4500 |
| 001 |
DLU090091765 |
| 005 |
##20091201 |
| 040 |
# |
# |
|a DLU
|b eng
|
| 041 |
# |
# |
|a eng
|
| 044 |
# |
# |
|a us
|
| 245 |
# |
# |
|a Effects of temperature, salinity, medium composition on compatible solute accumulation by thermococcus spp. /
|c Pedro Lamosa ... [et al.].
|
| 653 |
# |
# |
|a Bacteria
|
| 653 |
# |
# |
|a Biological accumulation
|
| 653 |
# |
# |
|a Intracellular
|
| 653 |
# |
# |
|a Osmotic shock
|
| 653 |
# |
# |
|a Salinity
|
| 653 |
# |
# |
|a Thermococcus
|
| 700 |
# |
# |
|a Da Costa, Milton S.
|
| 700 |
# |
# |
|a Lamosa, Pedro.
|
| 700 |
# |
# |
|a Martins, Ligia O.
|
| 700 |
# |
# |
|a Santos, Helena.
|
| 773 |
# |
# |
|t Applied and Environmental Microbiology
|g Vol. 64, no. 10 (October 1998), p. 3591-3598
|
| 920 |
# |
# |
|a Phòng Tạp chí -- Trung tâm Thông tin - Thư viện Trường Đại học Đà Lạt
|
| 994 |
# |
# |
|a DLU
|
| 900 |
# |
# |
|a True
|
| 911 |
# |
# |
|a Trương Bảo Trâm Anh
|
| 925 |
# |
# |
|a G
|
| 926 |
# |
# |
|a A
|
| 927 |
# |
# |
|a BB
|
| 980 |
# |
# |
|a Thư viện Trường Đại học Đà Lạt
|